แสดงรายละเอียดบรรณานุกรม
  กลับหน้าหลัก

Brief Record : Get Marc (ISO 2709) : E-mail record : QR code ปิดหน้าต่าง
LEADER 00000nam 2200000uu 4500
008    120515s2554||||th 000 0 tha d
060  0 วจ W84.3 น276 2554
100 0  ^aนฤมล ตรีเพชรศรีอุไร.
245 00 ^aรายงานการวิจัย เรื่อง การพัฒนาเครื่องมือวัดความฉลาดทางสุขภาพเกี่ยวกับโรคอ้วนของนักเรียนระดับมัธยมศึกษาปีที่ 3 (ระยะที่ 1)/^cนฤมล ตรีเพชรศรีอุไร.
260    ^aนนทบุรี:^bกองสุขศึกษา กรมสนับสนุนบริการสุขภาพ กระทรวงสาธารรสุข,^c2554.
300    ^a110 หน้า:^bภาพประกอบ.
650  0 ^aสุขภาพ--^xเครื่องมือวัด.
650  0 ^aโรคอ้วน.
650  0 ^aเครื่องมือวัดความฉลาด.
650  0 ^aวิจัย.
710 1  ^aกระทรวงสาธารณสุข กรมสนับสนุนบริการสุขภาพ.^bกองสุขศึกษา.
999    ^aใช้งานได้ทุกระบบ
รายการนี้ยังไม่มีแท็ก
คุณยังไม่ได้ล็อกอิน คุณสามารถมีกิจกรรมร่วมกับเว็บไซต์ได้ แต่ต้องล็อกอินก่อน ::
  ล็อกอิน
ลำดับที่ ประเภท เลขเรียก สถานที่ สถานะ
1. งานวิจัย
งานวิจัย
วจ W84.3 น276 2554  
  
หนังสือทั่วไป On Shelf
  ขอยืม
2. งานวิจัย
งานวิจัย
วจ W84.3 น276 2554 ฉ.2 
  
หนังสือทั่วไป On Shelf
  ขอยืม
   [แสดง 2/2 รายการ]

รายการใกล้เคียง
    หัวเรื่อง [วิจัย.]

BibComment


ยังไม่เคยถูกคอมเมนท์

คอมเมนท์ทรัพยากรรายการนี้
  คอมเมนท์: รายงานการวิจัย เ..
Bib 207151

 
 
 

 Union Library Management : ULibM
Copyright 2026. All Rights Reserved.
скачать бесплатно без регистрации порно красивый секс HD Sex Hindi sex

xxx gou

xxxx

bfxxx

xxxwww

Секса Видео

xxxx

Секса Видео

detube

geilexxx

C99 Shell

worms shell

blod xxx video
Ebony Coed Rihanna Rimes Takes A Dick In Her Young Twat priyaa indian fuck anal and pusssy hardcore indian women xxx desi hardcore fucking part 1 bengalixxxcouple